000 00849nam a2200217Ii 4500
003 JO-AjNU
008 230605s9999||||xx |||||||||||||| ||und||
017 _a2003/11894
040 _aJO-AjNU
_bara
_erda
_cJO-AjNU
041 _aara
050 1 4 _aPJ7860.A37.M4 2003
100 3 _aتأليف الرافعي،مصطفى صادق ,
_eauthor
_915473
245 0 0 _aوحي القلم، الجزء الأول
264 3 1 _aالقاهرة:مكتبة الأسرة،2003 ؛ مهرجان القراءة للجميع 2003
300 _aج1، 315ص
336 _atext
_btxt
_2rdacontent
337 _aunmediated
_bn
_2rdamedia
338 _avolume
_bnc
_2rdacarrier
490 0 _aسلسلة السيرة الذاتية
650 4 _aالأدب العربي - الأخلاق الإجتماعية - آداب السلوك - المقالات العربية
_915474
999 _aA4378
_c7946
_d7946